000
00263nam a2200109Ia 4500
008
190906s9999||||xx |||||||||||||| ||und||
100
_a
Abdul Maalik Mujahid
245
0
_a
Sunharay Faisilay
260
_a
Islamabad
_b
Dawah Academy
_c
308
300
_a
2010
942
_c
BK
999
_c
6158
_d
6158